000
00345 a2200169 4500
001
175146
020
_a
85-16-01961-6
040
_c
Magnum
100
_a
Venezia, Mike
240
1
0
_a
Salvador Dalí
_l
por
245
1
0
_a
Salvador Dalí
300
_a
32
362
0
_a
1998
440
1
_a
Moderna
697
_a
PINTORES E PINTURAS
942
_c
BK
999
_c
175146
_d
175146